00445nam a2200157Ia 4500008004100000020001800041041000800059082001500067100003100082245007600113250001200189260004700201300000900248365000700257650002300264251210s2025 xx 000 0 und d a9789393885036 aeng a610.73 RAJ aRaj, Elakkuvana D Bhaskara aTextbook of nursing foundation - II : As per revised INC syllabus B.Sc. a1st ed. aBangalorebEMMESS medical Publishersc2025 a576p cRS aNursing foundation